Zdravověda a životospráva ženy : populárně vědecká poučení o tom, co má žena věděti o svém těle a jeho činnosti /

Main Author: Ostrčil, Antonín, 1874-1941
Other Authors: Lukáš, Josef, 1902-1975, Moudrý, Jiří, 1905-1957, Saidl, Josef, 1895-1941, Slámová, Božena, 1909-1998, Tachezy, Rudolf, 1902-1972
Language: Czech
Published: V Praze : Melantrich, 1940
Series: Knihovna mladé ženy
Physical Description: 111 stran, 8 nečíslovaných listů obrazových příloh : ilustrace ; 22 cm
Book
Saved in:
LEADER 01896nam a22004572i 4500
001 001684289
003 CZ BrMZK
005 20190523102243.0
007 ta
008 190523s1940 xr er|||||||||||cze d
015 |a cnb000813963 
020 |q (Brožováno) :  |c K 16,00 
035 |a (OCoLC)85687885 
040 |a ABA001  |b cze  |c ULG001  |d ABA001  |e rda 
072 7 |a 613  |x Hygiena. Lidské zdraví  |2 Konspekt  |9 14 
080 |a 613  |2 MRF 
080 |a 316.346.2-055.2  |2 MRF 
080 |a 646.7  |2 MRF 
080 |a (0.062)  |2 MRF 
100 1 |a Ostrčil, Antonín,  |d 1874-1941  |7 jk01091301  |4 aut 
245 1 0 |a Zdravověda a životospráva ženy :  |b populárně vědecká poučení o tom, co má žena věděti o svém těle a jeho činnosti /  |c Antonín Ostrčil ; spolupracovali: Josef Lukáš, Jiří Moudrý, Josef Saidl, Božena Slámová, Rudolf Tachezy 
264 1 |a V Praze :  |b Melantrich,  |c 1940 
300 |a 111 stran, 8 nečíslovaných listů obrazových příloh :  |b ilustrace ;  |c 22 cm 
336 |a text  |b txt  |2 rdacontent 
337 |a bez média  |b n  |2 rdamedia 
338 |a svazek  |b nc  |2 rdacarrier 
490 1 |a Knihovna mladé ženy ;  |v svazek 5. 
650 0 7 |a životospráva  |7 ph128035  |2 czenas 
650 0 7 |a ženy  |7 ph127967  |2 czenas 
650 0 7 |a péče o zdraví  |7 ph124852  |2 czenas 
650 0 7 |a péče o tělo  |7 ph124850  |2 czenas 
655 7 |a populárně-naučné publikace  |7 fd131864  |2 czenas 
700 1 |a Lukáš, Josef,  |d 1902-1975  |7 jk01072581  |4 ctb 
700 1 |a Moudrý, Jiří,  |d 1905-1957  |7 jk01082190  |4 ctb 
700 1 |a Saidl, Josef,  |d 1895-1941  |7 jk01110288  |4 ctb 
700 1 |a Slámová, Božena,  |d 1909-1998  |7 jk01111785  |4 ctb 
700 1 |a Tachezy, Rudolf,  |d 1902-1972  |7 jk01132014  |4 ctb 
830 0 |a Knihovna mladé ženy  |0 s 
910 |a BOA001  |b 2-0154.978,5 
990 |a BK 
996 6 |b BC-1963706  |c 2-0154.978,5  |l MZK  |r Sklad / do 24 hodin  |n 0  |w 001724605  |u 000010  |a 1  |e BOA001  |j MZK50  |s P